00560nam a22001572 4500001001100000005001700011008004100028020001700069040001500086245008100101250001300182260008100195300001600276650004100292710006900333000002090920151217155909.0111107s xx 000 0 eng d a9966958711 : aKABUcKABU10aKenya's own Truth Justice and Reconciliation Commission :bthe hard reality. a1st ed. aNairobi :bKenyan Section of the International Commission of Jurists,c2010. aix, 112 p. 0aTruth CommissionzKenya.@00001704912 aInternational commission of jurists.bKenya section.@0000180032